000
00319nam a22001337a 4500
008
171016b xxu||||| |||| 00| 0 eng d
020
_a
9780534110734
041
_a
eng
080
_a
331.101.262
100
_a
52
101
_a
BNJ
245
_a
CLASSIC READINGS IN ORGANIZATIONAL BEHAVIOR
_c
OTT,J.S
942
_2
udc
_c
BK
999
_c
34275
_d
34275